00000000nam 2200000zi 4500
0019.924923
003CaOODSP
00520240228150755
006m     o  d f      
007cr |n|||||||||
008230711t20232023qucdab  ob   f|0| 0 fre d
020 |a9780660494357
040 |aCaOODSP|bfre|erda|cCaOODSP
043 |an-cn---
0861 |aEm4-35/2023F-PDF
24500|aExamen national volontaire 2023 du Canada : |bune démarche continue à l'appui de la mise en œuvre du programme 2030 et de l'atteinte des objectifs de développement durable.
264 1|a[Gatineau, Québec] : |bGouvernement du Canada = Government of Canada, |c2023.
264 4|c©2023
300 |a1 ressource en ligne (94 pages) : |bcartes, graphiques, illustrations
336 |atexte|btxt|2rdacontent/fre
337 |ainformatique|bc|2rdamedia/fre
338 |aressource en ligne|bcr|2rdacarrier/fre
500 |aPublié aussi en anglais sous le titre : Canada's 2023 voluntary national review: a continued journey for implementing the 2030 agenda and the sustainable development goals.
504 |aComprend des références bibliographiques.
650 6|aDéveloppement durable|xPolitique gouvernementale|zCanada.
7101 |aCanada. |bEmploi et développement social Canada, |eorganisme de publication.
77508|tCanada's 2023 voluntary national review : |w(CaOODSP)9.924922
85640|qPDF|s3.79 Mo|uhttps://publications.gc.ca/collections/collection_2023/edsc-esdc/Em4-35-2023-fra.pdf